000
00212 a2200097 4500
001
15076
100
_a
Korabiewiez Waclaw
245
_a
Matto Grosso
260
_a
London
_b
Jonathan Cape
_c
090
_c
11831
_d
11831
942
_a
NUST-CAE
_c
M
_c
2038
999
_c
250149
_d
250149